Cuentos locos para leer poco a poco /
Una bruja a la que le fallan los hechizos, un príncipe caprichoso, un dragón que se queda sin fuego, un gato con pesadillas, un gallo que pierde el sol, una caperucita que cumple años y otros cuentos disparatados. Se recomienda leerlos de a poco porque provocan muchas carcajadas.
Guardado en:
| Autor Principal: | |
|---|---|
| Otros Autores: | |
| Formato: | Libro |
| Idioma: | Undetermined |
| Publicado: |
Buenos Aires :
Norma,
2017.
|
| Edición: | 1a ed. 7a reimp. |
| Series: | Torre de papel roja
|
| Materias: | |
| Etiquetas: |
Agregar Etiqueta
Sin Etiquetas, Sea el primero en etiquetar este registro!
|
| LEADER | 01256nam a22002415a 4500 | ||
|---|---|---|---|
| 001 | CEM.cems020796 | ||
| 008 | 240220s2017####ag############000#0#und#d | ||
| 005 | 20240220112603.0 | ||
| 245 | 1 | 0 | |a Cuentos locos para leer poco a poco / |c Liliana Cinetto ; ilustrado por Carolina Farías. |
| 250 | |a 1a ed. 7a reimp. | ||
| 260 | |a Buenos Aires : |b Norma, |c 2017. | ||
| 300 | |a 64 p. | ||
| 490 | 1 | |a Torre de papel roja | |
| 500 | |a A partir de los 7 años. | ||
| 505 | 0 | |a La bruja Celedonia -- Los caprichos de Policarpo -- El día en que se apagó el sol -- El ratón Pérez -- La familia de Etelvina -- Las pesadillas de Romualdo -- La fiesta de cumpleaños -- Margarito -- La mudanza -- La tortuga | |
| 520 | |a Una bruja a la que le fallan los hechizos, un príncipe caprichoso, un dragón que se queda sin fuego, un gato con pesadillas, un gallo que pierde el sol, una caperucita que cumple años y otros cuentos disparatados. Se recomienda leerlos de a poco porque provocan muchas carcajadas. | ||
| 020 | |a 9789875452701 | ||
| 100 | 1 | |a Cinetto, Liliana. | |
| 700 | 1 | |a Farías, Carolina; il. | |
| 653 | |a Cuento infantil | ||
| 653 | |a Literatura infantil | ||
| 653 | |a Literatura argentina | ||
| 859 | |a CEMS |b BIB. CEMS - Inicial y Primaria |h A868.4 |i C574-9 |k IP |p 6767 |t Ej.1 | ||
